A history of the common law of contract : the rise of the action of assumpsit (Record no. 357027)

MARC details
000 -LEADER
fixed length control field 00707nam a2200205Ia 4500
008 - FIXED-LENGTH DATA ELEMENTS--GENERAL INFORMATION
fixed length control field 191130s1987##################000#0#eng##
020 ## - INTERNATIONAL STANDARD BOOK NUMBER
International Standard Book Number 9780198255734
040 ## - CATALOGING SOURCE
Original cataloging agency ACL
Transcribing agency ACL
082 ## - DEWEY DECIMAL CLASSIFICATION NUMBER
Classification number 346.41022 SIM
100 ## - MAIN ENTRY--PERSONAL NAME
Personal name Simpson, A. W. B
245 ## - TITLE STATEMENT
Title A history of the common law of contract : the rise of the action of assumpsit
Statement of responsibility, etc. by A.W.B. Simpson
260 ## - PUBLICATION, DISTRIBUTION, ETC.
Place of publication, distribution, etc. Oxford
Name of publisher, distributor, etc. Clarendon Press
Date of publication, distribution, etc. 1987
300 ## - PHYSICAL DESCRIPTION
Extent xlvii, 646 p. ; 22 cm
500 ## - GENERAL NOTE
General note Includes indexes. Bibliography: p. [xiv]-xlvii
650 ## - SUBJECT ADDED ENTRY--TOPICAL TERM
Topical term or geographic name entry element Actions and defenses - Great Britain - History
Topical term or geographic name entry element Breach of contract - Great Britain - History
990 ## - EQUIVALENCES OR CROSS-REFERENCES [LOCAL, CANADA]
Link information for 9XX fields a7865799ac10000c1cb314096dc91e8a
991 ## -
-- 418126

No items available.

Find us on the map